000 02988nam a2200517 c 4500
001 22509
003 ES-MaCES
005 20150929123629.0
008 091006s2009 sp d rs o000 | spa d
017 _aM 3722-2004
_bDL
024 7 _a605-09-004-X
_2nipo
035 _aCES20090009986m
040 _aES-MaCES
_bspa
_cES-MaCES
245 0 0 _aINEbase julio '09
_hRecurso electrónico
_b: Boletín mensual de estadística (BME), julio 2009 ; Indicadores coyunturales : Índice de precios de consumo (IPC) base 2006, Índice de precios de consumo armonizado España (IPCA) base 2005, Índice de precios industriales base 2005 CNAE-2009 (IPRI), Índice de producción industrial base 2005 CNAE-2009 (IPI), Índices de comercio al por menor base 2005 CNAE-2009 (ICM) ; Indicadores demográficos básicos, serie 1975-2008 (datos 2008 provisionales) ; Estimaciones de la población actual de España, serie 2002-2009 a 1 de julio de 2009 ; Encuesta de ocupación hotelera 2008 ; Encuesta de ocupación en apartamentos turísticos 2008 ; Encuesta de ocupación de acampamentos turísticos 2008 ; Encuesta de ocupación en alojamientos de turismo rural 2008 ; Profesionales sanitarios colegiados 2008 ; Estadística de transmisiones de derechos de la propiedad 2008 ; Estadística de sociedades mercantiles 2008 ; Encuesta sobre las personas sin hogar 20008 (centros)
_cInstituto Nacional de Estadística
260 _aMadrid
_bINE
_c[2009]
300 _a1 CD-ROM
_c12 cm
500 _aTít. tomado de la etiqueta del CD-ROM
500 _aPubl. seriada mensual (ISSN 1697-3259), que concentra en un único soporte el Boletín mensual de estadística (BME) y todas las publ. electrónicas, tanto monografías como publ. periódicas, que se publican a lo largo del mes. A su vez, toda la información se mantiene y consolida en la base de datos INEbase, de acceso gratuito en internet
500 _aCaracterísticas del sistema: sistema operativo windows 95/98
541 _cGratuito
650 4 _afijación del precio
_928285
650 4 _aprecio al consumidor
_927914
650 4 _aproducción industrial
_927653
650 4 _acomercio minorista
_927952
650 4 _adinámica poblacional
_928510
650 4 _atasa de ocupación
_930229
650 4 _acentro turístico
_930214
650 4 _apersonal médico
_927060
650 4 _atransmisión de la empresa
_930833
650 4 _apropiedad
_927144
650 4 _asociedades
_930766
650 4 _apersona sin hogar
_930628
650 4 _aEspaña
_926964
650 4 _a2009
_931942
650 4 _aencuesta
_928856
650 4 _adatos estadísticos
_930765
650 4 _aCD ROM
_930331
653 1 0 _aEstadísticas
650 4 _927889
_ahotel
710 2 _aInstituto Nacional de Estadística (España)
_94273
787 0 _tINEbase agosto '09
_w(ES-MaCES)22510
787 0 _tINEbase junio '09
_w(ES-MaCES)22375
902 _aELE PUB. ELECTRONICA
942 _2CES
_cBK
_h8.0.
999 _c22509
_d22509